أساليب المواجهة كمتغير وسيط بين الكمالية والإجهاد النفسي لدى الأمهات لأول مرة / (رقم التسجيلة. 178895)

تفاصيل مارك
000 -LEADER
fixed length control field 05504namaa22004331i 4500
003 - CONTROL NUMBER IDENTIFIER
control field OSt
005 - أخر تعامل مع التسجيلة
control field 20260328132501.0
008 - FIXED-LENGTH DATA ELEMENTS--GENERAL INFORMATION
fixed length control field 250827s2025 ua a|||frm||| 000 0 eng d
040 ## - CATALOGING SOURCE
Original cataloguing agency EG-GICUC
Language of cataloging ara
Transcribing agency EG-GICUC
Modifying agency EG-GICUC
Description conventions rda
041 0# - LANGUAGE CODE
Language code of text/sound track or separate title ara
Language code of summary or abstract ara
-- eng
049 ## - Acquisition Source
Acquisition Source إيداع
082 04 - DEWEY DECIMAL CLASSIFICATION NUMBER
Classification number 155.6463
092 ## - LOCALLY ASSIGNED DEWEY CALL NUMBER (OCLC)
Classification number 155.6463
Edition number 21
097 ## - Degree
Degree ماجستير
099 ## - LOCAL FREE-TEXT CALL NUMBER (OCLC)
Local Call Number Cai01.23.04.M.Sc.2025.أس.أ
100 0# - MAIN ENTRY--PERSONAL NAME
Authority record control number or standard number ،أسماء ياسر محمود عبده
Preparation إعداد.
245 10 - TITLE STATEMENT
Title أساليب المواجهة كمتغير وسيط بين الكمالية والإجهاد النفسي لدى الأمهات لأول مرة /
Statement of responsibility, etc. إعداد أسماء ياسر محمود عبده؛ إشراف أ. د/ منال عبد النعيم محمد طه، د/ نفيسة فوزي عمر.
246 15 - VARYING FORM OF TITLE
Title proper/short title Coping styles as a mediator variable between perfectionism and psychological distress among first time mothers /
264 #0 - PRODUCTION, PUBLICATION, DISTRIBUTION, MANUFACTURE, AND COPYRIGHT NOTICE
Date of production, publication, distribution, manufacture, or copyright notice 2025.
300 ## - PHYSICAL DESCRIPTION
Extent 150 صفحة :
Other physical details إيضاحيات ؛
Dimensions 25 سم. +
Accompanying material CD.
336 ## - CONTENT TYPE
Content type term text
Source rda content
337 ## - MEDIA TYPE
Media type term Unmediated
Source rdamedia
338 ## - CARRIER TYPE
Carrier type term volume
Source rdacarrier
502 ## - DISSERTATION NOTE
Dissertation note أطروحة (ماجستير)-جامعة القاهرة، 2025.
504 ## - BIBLIOGRAPHY, ETC. NOTE
Bibliography, etc. note ببليوجرافيا: صفحات 114-135.
520 ## - SUMMARY, ETC.
Summary, etc. هدفت الدراسة إلى تحديد العلاقة بين كل من الكمالية وأساليب المواجهة والإجهاد النفسي لدي عينة من الامهات لأول مرة، بالإضافة إلى التحقق من دور أساليب المواجهة كمتغير وسيط بين الكمالية والإجهاد النفسي، وتكونت عينة الدراسة من (180) أم لأول مرة تراوحت أعمارهم ما بين (21- 40) عام، وتم تطبيق مقياس الكمالية من إعداد (Frost et al.,1990) وترجمة (أيمن حلمي واصف، 2010)، استبيان أساليب المواجهة Ways of coping من إعداد Lazarus&Folkman,1986)) وترجمة الباحثة، ومقياس الإجهاد النفسي (من إعداد الباحثة)، وقد أشارت النتائج إلى وجود علاقة ارتباطية ايجابية دالة إحصائيًا بين كل من الكمالية (التكيفية - غير التكيفية) والإجهاد النفسي ، كما أشارت إلى وجود علاقة ارتباطية إيجابية دالة إحصائياً بين الكمالية التكيفية وكل من أساليب المواجهة (المتمركزة حول المشكلة -المتمركزة حول العاطفة) بينما توجد علاقة ارتباطية إيجابية دالة إحصائياً بين الكمالية غير التكيفية وأساليب المواجهة المتمركزة حول العاطفة فقط ، وأشارت النتائج إلى وجود علاقة ارتباطية إيجابية دالة إحصائياً بين أساليب المواجهة المتمركزة حول العاطفة والإجهاد النفسي وقيامها بدور وسيط في العلاقة بين الكمالية غير التكيفية والإجهاد النفسي لدى عينة الدراسة.
520 ## - SUMMARY, ETC.
Summary, etc. The study aimed to determine the relationship between perfectionism, coping styles and psychological distress, and to examine the role of coping styles as a mediating variable between perfectionism and psychological stress. The study sample consists of (180) first time mothers ranging in age from (21- 40) years; The study used the following tools: Frost multidimensional perfectionism scale (Frost,1990) translated by Ayman Helmy 2010, Ways of coping questionnaire prepared by (Lazarus& Folkman,1986) translated by the researcher, Psychological distress scale prepared by the researcher. The results indicated that there is a positive, statistically significant relationship between both (adaptive-maladaptive) perfectionism and psychological distress. The results also indicated that there is a positive, statistically significant relationship between adaptive perfectionism and both (problem-focused – emotion-focused) coping styles but there is a positive, statistically significant relationship between maladaptive perfectionism and emotion-focused coping styles only. The results indicated that there was a positive, statistically significant relationship between emotion coping styles and psychological distress and that they play a mediating role in the relationship between maladaptive perfectionism and psychological distress among the study sample.
530 ## - ADDITIONAL PHYSICAL FORM AVAILABLE NOTE
Issues CD صدر أيضًا كقرص مدمج.
546 ## - LANGUAGE NOTE
Text Language النص بالعربية والملخص باللغة الإنجليزية والعربية.
650 #7 - SUBJECT ADDED ENTRY--TOPICAL TERM
Topical term or geographic name entry element علم النفس الاجتماعى
Source of heading or term qrmak
650 #7 - SUBJECT ADDED ENTRY--TOPICAL TERM
Topical term or geographic name entry element علم النفس الارشادى
653 #0 - INDEX TERM--UNCONTROLLED
Uncontrolled term الكمالية
-- أساليب المواجهة
-- الإجهاد النفسي
700 0# - ADDED ENTRY--PERSONAL NAME
Personal name منال عبد النعيم محمد طه
Relator term مشرف أطروحة.
700 0# - ADDED ENTRY--PERSONAL NAME
Personal name نفيسة فوزي عمر
Relator term مشرف أطروحة.
900 ## - Thesis Information
Grant date 01-01-2025
Supervisory body منال عبد النعيم محمد طه
-- نفيسة فوزي عمر
Discussion body هيام صابر شاهين
-- منال منصور الحملاوي
Universities جامعة القاهرة
Faculties كلية الدراسات العليا للتربية
Department قسم علم النفس الإرشادي
905 ## - Cataloger and Reviser Names
Cataloger Name Sara Salah
Reviser Names Afaf
942 ## - ADDED ENTRY ELEMENTS (KOHA)
Source of classification or shelving scheme Dewey Decimal Classification
Koha item type Thesis
Edition 21
Suppress in OPAC No
المقتنيات
Source of classification or shelving scheme Home library Current library Date acquired Inventory number Full call number Barcode Date last seen Effective from Koha item type
Dewey Decimal Classification المكتبة المركزبة الجديدة - جامعة القاهرة قاعة الرسائل الجامعية - الدور الاول 05.03.2026 33050 Cai01.23.04.M.Sc.2025.أس.أ 01010100033050000 05.03.2026 05.03.2026 Thesis
Cairo University Libraries Portal Implemented & Customized by: Eng. M. Mohamady Contacts: new-lib@cl.cu.edu.eg | cnul@cl.cu.edu.eg
CUCL logo CNUL logo
© All rights reserved — Cairo University Libraries
CUCL logo
Implemented & Customized by: Eng. M. Mohamady Contact: new-lib@cl.cu.edu.eg © All rights reserved — New Central Library
CNUL logo
Implemented & Customized by: Eng. M. Mohamady Contact: cnul@cl.cu.edu.eg © All rights reserved — Cairo National University Library